Văn học Việt Nam - Văn học dân gian Những công trình nghiên cứu
v.v...
Đã lưu trong:
| Tác giả chính: | |
|---|---|
| Định dạng: | Sách |
| Năm xuất bản: |
H.
Giáo dục
2001
|
| Chủ đề: | |
| Tags: |
Thêm thẻ
Không có thẻ, Hãy là người đầu tiên gắn thẻ bản ghi này!
|
| LEADER | 00844nam a2200181 4500 | ||
|---|---|---|---|
| 082 | |a 398.2 |b B510M | ||
| 100 | |a Bùi Mạnh Nhị | ||
| 245 | |a Văn học Việt Nam - Văn học dân gian |c Bùi Mạnh Nhị chủ biên, Hồ Quốc Hùng,Nguyễn Thị Ngọc Điệp |b Những công trình nghiên cứu | ||
| 260 | |a H. |b Giáo dục |c 2001 | ||
| 300 | |a 402 tr. |c 24 cm | ||
| 520 | |a v.v... | ||
| 653 | |a Văn học dân gian | ||
| 653 | |a Việt Nam | ||
| 653 | |a Nghiên cứu văn học | ||
| 942 | |2 ddc |c STK0 | ||
| 999 | |c 2300 |d 2300 | ||
| 952 | |0 0 |1 0 |2 ddc |4 0 |6 398_200000000000000_B510M |7 1 |8 300 |9 30981 |a qbu |b qbu |c D2 |d 2014-12-13 |g 26200 |o 398.2 B510M |p 3799.c1 |r 0000-00-00 |w 2014-12-13 |y STK0 | ||
| 952 | |0 0 |1 0 |2 ddc |4 0 |6 398_200000000000000_B510M |7 0 |8 300 |9 30982 |a qbu |b qbu |c D2 |d 2014-12-13 |g 26200 |l 4 |o 398.2 B510M |p 3799.c2 |r 2015-12-17 |s 2015-12-06 |w 2014-12-13 |y STK0 | ||